| 000 | 00701nam a2200217Ii 4500 | ||
|---|---|---|---|
| 001 | 16037 | ||
| 003 | CO-ViMGA | ||
| 008 | 241108s9999||||xx |||||||||||||| ||und|| | ||
| 020 | _a9789587115932 | ||
| 040 |
_aCO-ViMGA _bspa _erda _cCO-ViMGA |
||
| 041 | 0 | _aunk | |
| 082 | 0 | 4 | _a342.9861 C17j |
| 100 | 1 |
_aLuis Ociel Castaño Zuluaga _956009 |
|
| 245 | 1 | 0 | _aJusticia e interpretación constitucional |
| 264 | 1 | _a[Lugar de publicación no identificado] : Editorial Leyer, [Fecha de publicación no identificada] | |
| 300 | _avolumen | ||
| 336 |
_atext _btxt _2rdacontent |
||
| 337 |
_aunmediated _bn _2rdamedia |
||
| 338 |
_avolume _bnc _2rdacarrier |
||
| 940 | _aidficha_siabuc: 15707. -- ficha_no_siabuc:16037 | ||
| 999 |
_c53771 _d53771 |
||